Komunitná platforma na podporu aktívneho životného štýlu

Uložené v:
Podrobná bibliografia
Hlavný autor: Máčai, Mário (Autor)
Ďalší autori: Lehocki, Fedor (Vedúci práce)
Médium: Rukopis Kniha
Jazyk:Slovak
Vydavateľské údaje: 2016
Predmet:
On-line prístup:http://is.stuba.sk/zp/portal_zp.pl?podrobnosti=119904
Tagy: Pridať tag
Žiadne tagy, Buďte prvý, kto otaguje tento záznam!

MARC

LEADER 00000ntm a22000003a 4500
001 stuzp55617
003 SK-STU
005 20160823133013.1
007 ta
008 150427s2015----xo-----f-mn---000-0-slo-d
040 |a STU  |b slo 
041 0 |a slo 
044 |a xo 
100 1 |a Máčai, Mário  |u 035000  |k Z4  |4 aut  |U FEI Fakulta elektrotechniky a informatiky  |T FEI Ústav informatiky a matematiky  |X 8821  |U E050  |Y 816  |7 A000008821 
242 0 1 |a Community platform for support of active life style  |y eng 
245 1 0 |a Komunitná platforma na podporu aktívneho životného štýlu 
260 |c 2016 
300 |a 54 s.,  |b DVD 
650 4 |a fitnes  |2 slo 
650 4 |a beh  |2 slo 
650 4 |a javascript  |2 slo 
650 4 |a web  |2 slo 
650 4 |a platforma  |2 slo 
650 4 |a fitness  |2 eng 
650 4 |a web  |2 eng 
650 4 |a javascript  |2 eng 
650 4 |a platform  |2 eng 
650 4 |a run  |2 eng 
700 1 |a Lehocki, Fedor  |u 031000  |k Z1  |4 ths  |U FEI Fakulta elektrotechniky a informatiky  |T FEI Ústav robotiky a kybernetiky  |X 1888  |U E011  |Y 356  |7 000001888 
856 4 |u http://is.stuba.sk/zp/portal_zp.pl?podrobnosti=119904 
996 |b 284EP11501  |c E*DIPL- 11501  |l EE35  |s P  |a 0  |w stuzp55617_0001 
SQL |a stuzp55617  |b DDP  |c SLO  |d Komunitná platforma na podporu aktívneho životného štýlu  |e 8821  |f Máčai, Mário  |g 035000  |h 1888  |i Lehocki, Fedor  |j 20160615  |k 359  |l 03  |m http://is.stuba.sk/zp/portal_zp.pl?podrobnosti=119904  |n I-API  |o 9.2.9. aplikovaná informatika